000 00430nam a2200157 i 4500
001 40794
003 ES-MaACL
007 t|
008 030307s1974 fr ||||1| fre d
100 1 _aCarey, Gary.
_935235
245 1 0 _aBrando /
_cGary Carey ; traduit par Simone Huinh.
260 _aParis :
_bSolar,
_c[1974]
300 _a251 p., 4 lám. ;
_c20 cm.
700 1 _aHuinh, Simone.
_964680
852 _aES-MaACL
_jE-7339
_bR.91662
999 _c40794
_d40794